| 000 | 00733pam a2200241 a 4500 | ||
|---|---|---|---|
| 001 | 2014329 | ||
| 005 | 20180130073701.0 | ||
| 008 | 910513s1991 caua b 001 0 eng c | ||
| 010 | _a 91018039 | ||
| 020 | _a1560550090 | ||
| 040 |
_aDNLM/DLC _cDLC _dDLC |
||
| 041 | _aeng | ||
| 060 |
_aW1 OP372L v. 5 _aWW 141 B513fa |
||
| 080 | _a617.730754 BER | ||
| 082 | 0 | 0 |
_a617.730754 BER _220 |
| 100 | 1 | _a8 | |
| 101 | _aOFT | ||
| 245 | 1 | 0 |
_aFluorescein angiography : _cJoseph W. Berkow, David H. Orth, James S. Kelley. |
| 504 | _aIncludes bibliographical references and index. | ||
| 906 |
_a7 _bcbc _corignew _d1 _eocip _f19 _gy-gencatlg |
||
| 942 |
_2ddc _cBK |
||
| 999 |
_c41299 _d41299 |
||